000 00315nam a22001337a 4500
008 181205b xxu||||| |||| 00| 0 eng d
020 _a0721852824
041 _aeng
080 _a618
100 _a8
101 _aGYN
245 _aClinical Pediatri And Adolescent Endocrinology
_cKaplan.P
942 _2udc
_cBK
999 _c52866
_d52866